30 cidades mais populosas do estado de SP - Statistics

Estatísticas Gerais
  • Esse quiz foi jogado 160 vezes
  • A pontuação média é 18 de 30
Estatísticas das Respostas
População Resposta % Correto
11 425 245 São Paulo
100%
1 138 309 Campinas
95%
1 291 784 Guarulhos
88%
418 608 Santos
85%
810 729 São Bernardo do Campo
85%
743 432 Osasco
79%
698 259 Ribeirão Preto
76%
748 919 Santo André
74%
723 574 Sorocaba
74%
697 428 São José dos Campos
73%
480 439 São José do Rio Preto
69%
393 237 Diadema
67%
443 116 Jundiaí
60%
449 955 Mogi das Cruzes
58%
379 146 Bauru
56%
287 634 Guarujá
53%
349 935 Praia Grande
52%
423 323 Piracicaba
51%
310 739 Taubaté
50%
316 473 Barueri
47%
291 869 Limeira
47%
418 261 Mauá
47%
352 537 Franca
45%
307 364 Suzano
41%
329 844 São Vicente
38%
273 542 Taboão da Serra
38%
369 275 Itaquaquecetuba
34%
273 640 Cotia
33%
387 121 Carapicuíba
31%
279 546 Sumaré
24%
Nenhum quiz correspondente encontrado
Distribuição das Pontuações
Porcentagem de Pessoas com Cada Pontuação
Percentil de Números Respondidos
Sua Pontuação Histórica
Você não jogou esse quiz